Book Titles: Shared Word Quiz Stats

Quiz Updated Feb 1, 2016

Challenge
Share
Tweet
Embed
Score 0/20 Timer 06:00
3 Plays Today
Authors Books % Correct
Charles Dickens
F. Scott Fitzgerald
Great Expectations/The Great Gatsby
94.9%
Dr. Seuss
L.M. Montgomery
Green Eggs and Ham/Anne of Green Gables
62.7%
Sylvia Plath
Ernest Hemingway
The Bell Jar/For Whom the Bell Tolls
62.1%
Harper Lee
John Grisham
To Kill a Mockingbird/A Time to Kill
61.8%
Michael Crichton
Jane Austen
Jurassic Park/Mansfield Park
56.6%
Margaret Mitchell
Kenneth Grahame
Gone with the Wind/Wind in the Willows
56.3%
Boris Pasternak
Ian Fleming
Doctor Zhivago/Doctor No
51.8%
Antoine de Saint-Exupéry
Mark Twain
The Little Prince/The Prince and the Pauper
47.6%
Chuck Palahniuk
Amy Tan
Fight Club/The Joy Luck Club
43.3%
Laura Esquivel
Roald Dahl
Like Water for Chocolate/Charlie and the Chocolate Factory
43.2%
Authors Books % Correct
John Irving
Aldous Huxley
The World According to Garp/A Brave New World
39.8%
Maurice Sendak
Chinua Achebe
Where the Wild Things Are/Things Fall Apart
35.7%
Kurt Vonnegut
Truman Capote
Breakfast of Champions/Breakfast at Tiffany's
34.1%
Leo Tolstoy
John Knowles
War and Peace/A Separate Peace
31.2%
Madeleine L'Engle
Gabriel Garcí­a Márquez
A Wrinkle in Time/Love in the Time of Cholera
30.6%
Jack London
Janet Fitch
White Fang/White Oleander
12.8%
Thomas Harris
John Steinbeck
Red Dragon/The Red Pony
12.7%
Edith Wharton
Isabel Allende
The House of Mirth/The House of the Spirits
7.5%
Bill Bryson
Stephen Hawking
A Short History of Nearly Everything/A Brief History of Time
7.4%
Olive Ann Burns
Charles Frazier
Cold Sassy Tree/Cold Mountain
6.1%

You're not logged in!

Compare scores with friends on all Sporcle quizzes.
Sign Up with Email
OR
Log In

You Might Also Like...

Show Comments

Extras

Top Quizzes Today


Score Distribution

Your Account Isn't Verified!

In order to create a playlist on Sporcle, you need to verify the email address you used during registration. Go to your Sporcle Settings to finish the process.